Historia del curriculum: la construcción social de las disciplinas escolares
I tiakina i:
| Kaituhi matua: | |
|---|---|
| Hōputu: | Pukapuka |
| Reo: | Pāniora |
| I whakaputaina: |
Barcelona
Pomares Corredor
1995
|
| Rangatū: | Colección Educación y Conocimiento
|
| Ngā marau: | |
| Ngā Tūtohu: |
Tāpirihia he Tūtohu
Kāore He Tūtohu, Me noho koe te mea tuatahi ki te tūtohu i tēnei pūkete!
|
MARC
| LEADER | 00000nam a2200000 a 4500 | ||
|---|---|---|---|
| 001 | UCT8251 | ||
| 003 | CL-VaPUC | ||
| 008 | 970326e19950000SP |||||||||||||||||spa|d | ||
| 082 | 0 | 4 | |a 375 |b GOO |2 21 |
| 100 | |a Goodson, Ivor F |e author |9 496231 | ||
| 245 | 1 | 0 | |a Historia del curriculum: la construcción social de las disciplinas escolares |
| 300 | |a 239 p | ||
| 942 | |c BK | ||
| 945 | |d 19970326 00:00:00 |a nastorga | ||
| 260 | |a Barcelona |b Pomares Corredor |c 1995 | ||
| 650 | 0 | |a Curriculos |9 343652 | |
| 650 | 0 | |a Teoría del conocimiento |9 255038 | |
| 650 | 0 | |a Historia de la educación |9 257642 | |
| 650 | 0 | |a Matemática |9 260235 | |
| 583 | |a last modification |c 20140822 05:03:38 |k Rodrigo Vera | ||
| 490 | 0 | |a Colección Educación y Conocimiento | |
| 999 | |c 256768 |d 256766 | ||
| 952 | |0 0 |1 0 |4 0 |6 375_000000000000000_GOO_1995 |7 0 |8 A |9 279730 |a BIBEDU |b BIBEDU |d 2019-11-19 |i 3291405 |o 375 GOO 1995 |p 3291405 |r 2019-11-19 |w 2019-11-19 |y BK |k EDU | ||